[Event "XIII. Solinger Karnevalsopen"]
[Site "Solingen"]
[Date "2024.02.10"]
[Round "2.12"]
[White "Atar, Efecan"]
[Black "Gelsok, Philipp"]
[Result "1/2-1/2"]
[WhiteElo "1597"]
[BlackElo "1929"]
[PlyCount "53"]
[EventDate "2024.??.??"]
[WhiteTeam "SG Solingen e. V."]
[BlackTeam "Bergische SF 1923 Ber"]

1. c4 e5 2. g3 c6 3. d4 e4 4. d5 Bb4+ 5. Nc3 Bxc3+ 6. bxc3 Qa5 7. Qd4 Ne7 8.
Qxg7 Rg8 9. Qe5 cxd5 10. Bd2 {(=)} Nbc6 11. Qf4 dxc4 12. Qxe4 d5 13. Qxh7 Bf5
14. Qh6 d4 15. Rc1 Qxa2 16. Qf4 O-O-O 17. Bh3 Rd5 18. cxd4 Bxh3 19. Nxh3 Rxd4
20. Qe3 Rgd8 21. Bc3 Nd5 22. Qf3 Nxc3 23. Qxc3 Re8 24. e3 Rde4 25. O-O Qa5 26.
Qf6 Qh5 27. Ng5 1/2-1/2

[Event "XIII. Solinger Karnevalsopen"]
[Site "Solingen"]
[Date "2024.02.10"]
[Round "2.13"]
[White "Anschuetz, Wolfgang"]
[Black "Weber, Yannik"]
[Result "1/2-1/2"]
[WhiteElo "1895"]
[BlackElo "1529"]
[PlyCount "78"]
[EventDate "2024.??.??"]
[WhiteTeam "Duesseldorfer SK 14/25 e."]
[BlackTeam "SC Neckarsulm e.V."]

1. d4 d5 2. c4 e6 3. Nf3 Nf6 4. g3 Be7 5. Bg2 O-O 6. O-O Nbd7 7. b3 c6 8. Qc2
b5 9. c5 Ne4 10. Nfd2 f5 11. f3 Nef6 12. e3 a5 13. Bb2 Qc7 14. a3 Ba6 15. b4 a4
16. Nc3 Rae8 17. Rae1 Bd8 18. e4 Kh8 19. e5 Ng8 20. f4 Ne7 21. Nf3 h6 22. Bc1
Rg8 23. Be3 g6 24. Rf2 Ref8 25. Bf1 Nb8 26. Bd3 Bc8 27. Kf1 Rg7 28. Ke2 Kg8 29.
Kd1 Kf7 30. Rg1 Ke8 31. h3 Rfg8 32. Qe2 Bd7 33. g4 Qc8 34. gxf5 Nxf5 35. Bxf5
exf5 36. Rfg2 Be6 37. h4 Qd7 38. Bf2 Qf7 39. Be3 Qd7 1/2-1/2

[Event "XIII. Solinger Karnevalsopen"]
[Site "Solingen"]
[Date "2024.02.10"]
[Round "2.14"]
[White "Pernizki, Max"]
[Black "Stark, Timo"]
[Result "0-1"]
[WhiteElo "1495"]
[BlackElo "1892"]
[PlyCount "52"]
[EventDate "2024.??.??"]
[WhiteTeam "SG Solingen e. V."]
[BlackTeam "SC Neckarsulm e.V."]

1. d4 Nf6 2. c4 g6 3. Nc3 Bg7 4. e4 d6 5. Nf3 Nbd7 6. Be2 O-O 7. O-O e5 8. d5
h6 9. h3 Nh7 10. Bd2 f5 11. Qc1 f4 12. b4 g5 13. a4 Ndf6 14. Nh2 Bd7 15. f3 Nh5
16. Be1 N7f6 17. Bf2 Qc8 18. Ng4 Ng3 19. Bxg3 fxg3 20. Qe1 Nh5 21. c5 a5 22.
cxd6 cxd6 23. Nb5 Nf4 24. Nxd6 Qc2 25. Nxb7 axb4 26. Qxb4 Qxe2 0-1

[Event "XIII. Solinger Karnevalsopen"]
[Site "Solingen"]
[Date "2024.02.10"]
[Round "2.15"]
[White "Immel, Kaspar"]
[Black "Steinbach, Wolfgang"]
[Result "1-0"]
[WhiteElo "1065"]
[BlackElo "1866"]
[PlyCount "47"]
[EventDate "2024.??.??"]
[WhiteTeam "SG Solingen e. V."]
[BlackTeam "SG Solingen e. V."]

1. e4 c5 2. Nc3 a6 3. d4 cxd4 4. Qxd4 Nc6 5. Qe3 e6 6. Bd2 Qc7 7. O-O-O Be7 8.
f4 b5 9. Nf3 Bb7 10. Nd5 exd5 11. exd5 O-O-O 12. dxc6 dxc6 13. g3 Kb8 14. Bg2
Nf6 15. Bc3 Nd5 16. Qe5 f6 17. Qxc7+ Kxc7 18. Ba5+ Nb6 19. Nd4 Rd6 20. Rhe1
Rxd4 21. Rxe7+ Kd6 22. Rxd4+ Kxe7 23. Bxb6 f5 24. Bc5+ 1-0

[Event "XIII. Solinger Karnevalsopen"]
[Site "Solingen"]
[Date "2024.02.10"]
[Round "2.16"]
[White "Broncel, Kevin"]
[Black "Jugelt, Tobias"]
[Result "0-1"]
[WhiteElo "1667"]
[BlackElo "2367"]
[PlyCount "44"]
[EventDate "2024.??.??"]
[WhiteTeam "SC Neckarsulm e.V."]
[BlackTeam "Bochumer SV 02"]

1. d4 d5 2. c4 e6 3. Nc3 c6 4. Nf3 f5 5. Bf4 Nf6 6. e3 Be7 7. Rb1 O-O 8. Bd3
Ne4 9. h4 Nd7 10. Bxe4 fxe4 11. Ng5 Nf6 12. h5 h6 13. Nh3 Qe8 14. g4 e5 15.
dxe5 Bxg4 16. Qd4 Qxh5 17. cxd5 Nxd5 18. Nxd5 cxd5 19. Qxd5+ Kh8 20. Qxb7 Rae8
21. Rc1 Bxh3 22. Qxe4 Rb8 0-1

[Event "XIII. Solinger Karnevalsopen"]
[Site "Solingen"]
[Date "2024.02.10"]
[Round "2.17"]
[White "Mercan, Emre Furkan"]
[Black "Villwock, Martin"]
[Result "0-1"]
[WhiteElo "1658"]
[BlackElo "2096"]
[PlyCount "122"]
[EventDate "2024.??.??"]
[WhiteTeam "vereinslos"]
[BlackTeam "SF Essen-Katernberg 0"]

1. d4 d5 2. Bf4 c5 3. e3 Nc6 4. Nf3 Bg4 5. c3 e6 6. Qb3 Qd7 7. Nbd2 a6 8. Rd1
cxd4 9. exd4 Nf6 10. Be2 Nh5 11. Be3 Bd6 12. h3 Bxf3 13. Bxf3 Nf4 14. O-O O-O
15. g3 Ng6 16. Bg2 Rac8 17. Rc1 b5 18. a3 Na5 19. Qa2 Ne7 20. b4 Nc4 21. Nb3
Nxe3 22. fxe3 Nf5 23. Qd2 Nxg3 24. Rf2 Qe7 25. Nc5 Qg5 26. e4 Qxd2 27. Rxd2 Bf4
28. Rcc2 Bxd2 29. Rxd2 Nxe4 30. Bxe4 dxe4 31. Nxe4 Rfd8 32. Kg2 e5 33. d5 Rc4
34. Nc5 Rxc3 35. d6 Kf8 36. Nb7 Rd7 37. Nc5 Ke8 38. Nxa6 Kd8 39. Nc5 Rxa3 40.
Nxd7 Kxd7 41. Rd5 f6 42. Rxb5 Kxd6 43. Rb7 g5 44. Rxh7 Rb3 45. Rb7 Ke6 46. b5
Kf5 47. Rb8 Kf4 48. b6 Rb2+ 49. Kg1 f5 50. b7 e4 51. Kf1 e3 52. Kg1 Kg3 53. Kf1
Kf3 54. Kg1 e2 55. Re8 Rxb7 56. h4 gxh4 57. Kh2 Rb1 58. Re5 e1=Q 59. Rxf5+ Kg4
60. Rf1 Qe2+ 61. Rf2 Qxf2# 0-1

[Event "XIII. Solinger Karnevalsopen"]
[Site "Solingen"]
[Date "2024.02.10"]
[Round "2.18"]
[White "Linke, Marius"]
[Black "Bub, Volker"]
[Result "0-1"]
[WhiteElo "1703"]
[BlackElo "2050"]
[PlyCount "176"]
[EventDate "2024.??.??"]
[WhiteTeam "SG Solingen e. V."]
[BlackTeam "SC Tornado 86 Hochneukirch"]

1. d4 g6 2. Nf3 Bg7 3. g3 d6 4. Bg2 Nf6 5. c4 O-O 6. O-O c6 7. Nc3 Qa5 8. e4
Bg4 9. h3 Bxf3 10. Bxf3 e5 11. Be3 Nbd7 12. Be2 exd4 13. Bxd4 Rfe8 14. Qc2 Re7
15. Rad1 Qc7 16. f4 Rae8 17. Bf3 a5 18. Rd2 Nb6 19. b3 Nfd7 20. Bxg7 Kxg7 21.
Kg2 Nc5 22. Rfd1 Nc8 23. Qb2 f6 24. a3 h5 25. b4 axb4 26. axb4 Ne6 27. Ne2 Kf7
28. f5 Ng5 29. fxg6+ Kg7 30. Nf4 Rh8 31. Nxh5+ Rxh5 32. Bxh5 Nxe4 33. Rd3 Nb6
34. Rc1 d5 35. c5 Nc4 36. Qd4 Ne5 37. Re3 Nxg6 38. Bxg6 Kxg6 39. Rf1 Qe5 40.
Qd3 Qb2+ 41. Re2 Qxb4 42. Rf4 Qxc5 43. Rg4+ Kf7 44. Qf3 Re5 45. Rh4 Rg5 46.
Rh7+ Kg6 47. Rxe4 Kxh7 48. Re8 Qd6 49. h4 Re5 50. Qd3+ Kg7 51. Ra8 Qe6 52. Ra7
Re2+ 53. Kf3 Qe4+ 54. Qxe4 Rxe4 55. Rxb7+ Kg6 56. Rc7 Rc4 57. g4 f5 58. g5 Rxh4
59. Rxc6+ Kxg5 60. Rd6 Rd4 61. Ke3 Re4+ 62. Kf3 d4 63. Rd8 Kf6 64. Rf8+ Ke5 65.
Re8+ Kd5 66. Rf8 Re3+ 67. Kf4 Re1 68. Rd8+ Kc4 69. Rc8+ Kd3 70. Kxf5 Kd2 71.
Kf4 d3 72. Rc7 Ke2 73. Re7+ Kd1 74. Rd7 d2 75. Kf3 Re2 76. Rh7 Re6 77. Kf2 Re5
78. Rd7 Re4 79. Rd8 Kc2 80. Rc8+ Kd3 81. Rd8+ Kc2 82. Rc8+ Kd1 83. Rd8 Re2+ 84.
Kf1 Re4 85. Kf2 Re7 86. Rd6 Rf7+ 87. Kg2 Rf4 88. Kg3 Rb4 {ZÜ} 0-1

[Event "XIII. Solinger Karnevalsopen"]
[Site "Solingen"]
[Date "2024.02.10"]
[Round "2.19"]
[White "Vortmeier, Jan"]
[Black "Lohmueller, Mario"]
[Result "1-0"]
[WhiteElo "1987"]
[BlackElo "1610"]
[PlyCount "65"]
[EventDate "2024.??.??"]
[WhiteTeam "Polizeisport-Verein Duisburg 192"]
[BlackTeam "SC Neckarsulm e.V."]

1. e4 e5 2. Nf3 Nc6 3. Nc3 Nf6 4. Nxe5 Nxe5 5. d4 Bb4 6. dxe5 Nxe4 7. Qg4 d5 8.
Qxg7 Rf8 9. a3 Qh4 10. g3 Nxg3 11. axb4 Nxh1 12. Qg2 Be6 13. Qxh1 c6 14. b5 f6
15. Ra4 d4 16. bxc6 fxe5 17. Qg2 bxc6 18. Qxc6+ Kf7 19. Ne4 Kg7 {(=)} 20. Bg5
Qg4 21. Qc7+ Kh8 22. Qxe5+ Kg8 23. Rxd4 Qf5 24. Qg3 Rf7 25. Bd3 Kh8 26. Nd6
Qa5+ 27. Bd2 Qa1+ 28. Ke2 Re7 29. Qe5+ Kg8 30. Qg5+ Rg7 31. Qh4 Qg1 32. Nf5 Re8
33. Rd8 1-0

[Event "XIII. Solinger Karnevalsopen"]
[Site "Solingen"]
[Date "2024.02.10"]
[Round "2.20"]
[White "Krueger, Andre"]
[Black "Klaus, Daniel"]
[Result "1-0"]
[WhiteElo "1961"]
[BlackElo "1383"]
[PlyCount "69"]
[EventDate "2024.??.??"]
[WhiteTeam "Oberhausener SV 1887 e"]
[BlackTeam "SF Essen-Katernberg 0"]

1. c4 c5 2. Nf3 Nf6 3. Nc3 Nc6 4. g3 e6 5. Bg2 d5 6. cxd5 exd5 7. d4 cxd4 8.
Nxd4 Bb4 9. Nxc6 bxc6 10. Qa4 Bxc3+ 11. bxc3 Bd7 12. Qd4 O-O 13. O-O Be6 14.
Be3 Qd7 15. Rfd1 Ne8 16. c4 Nc7 17. Bf4 Rfd8 18. Rab1 Ne8 19. Qc5 Nf6 20. Bg5
Qd6 21. Qxd6 Rxd6 22. Bxf6 gxf6 23. Rb7 a5 24. e3 Rad8 25. c5 R6d7 26. Rb6 Rc7
27. Rd4 Ra8 28. a4 f5 29. Kf1 Raa7 30. Rd2 Kf8 31. Ke2 Ke7 32. Kd3 Rab7 33.
Rdb2 Bc8 34. Bf1 Rxb6 35. Rxb6 1-0

[Event "XIII. Solinger Karnevalsopen"]
[Site "Solingen"]
[Date "2024.02.10"]
[Round "2.21"]
[White "Rewerts, Ingo"]
[Black "Asadzade, Muhammed"]
[Result "0-1"]
[WhiteElo "1798"]
[BlackElo "1621"]
[PlyCount "104"]
[EventDate "2024.??.??"]
[WhiteTeam "SV Horrem 1948"]
[BlackTeam "SV 1919 Koenigsspr"]

1. d4 Nf6 2. Nf3 c5 3. c3 g6 4. Bg5 Bg7 5. Bxf6 exf6 6. dxc5 O-O 7. h4 h5 8.
Nbd2 Na6 9. b4 b6 10. cxb6 Qxb6 11. Nc4 Qc6 12. Qb3 f5 13. Rc1 d5 14. Na5 Qd6
15. g3 Be6 16. Nd4 Rac8 17. Rd1 f4 18. gxf4 Qxf4 19. e3 Qe4 20. Rg1 Nb8 21. Bg2
Qg4 22. Kf1 Rxc3 23. f3 Rxb3 24. fxg4 Rxe3 25. gxh5 Ra3 26. Rd2 Bh6 27. Ke2
Bxd2 28. Kxd2 Rxa2+ 29. Kc3 Rc8+ 30. Kb3 Rd2 31. Nxe6 fxe6 32. hxg6 Rcc2 33.
Bf1 Rc1 34. h5 Rdd1 35. h6 Rxf1 36. h7+ Kg7 37. Rg4 Rh1 38. Rf4 Rcf1 39. Rg4
Rf6 40. Nb7 Rxg6 41. Rf4 Rxh7 42. Nd8 e5 43. Rf5 Nd7 44. Rf7+ Kh6 45. Rf5 Rg3+
46. Kc2 Kg6 47. Rf2 d4 48. Ne6 d3+ 49. Kd2 e4 50. Nf4+ Kg5 51. Nd5 Ne5 52. Ne3
Nf3+ 0-1

[Event "XIII. Solinger Karnevalsopen"]
[Site "Solingen"]
[Date "2024.02.10"]
[Round "2.22"]
[White "Mohebbi, Sam"]
[Black "Sereda, Yaroslava"]
[Result "0-1"]
[WhiteElo "1565"]
[BlackElo "1909"]
[PlyCount "70"]
[EventDate "2024.??.??"]
[WhiteTeam "SG Porz e. V."]
[BlackTeam "SG Solingen e. V."]

1. e4 c5 2. Nf3 Nc6 3. d4 cxd4 4. Nxd4 e5 5. Nb5 d6 6. c4 Be6 7. N1c3 a6 8. Na3
g6 9. Be3 Bg7 10. Bd3 Nf6 11. f3 O-O 12. O-O Nh5 13. Nc2 Rc8 14. Qd2 Nf4 15.
Rad1 Nxd3 16. Qxd3 Nd4 17. b3 b5 18. cxb5 Rxc3 19. Nxd4 Rxd3 20. Nc6 Rxd1 21.
Rxd1 Qc7 22. Na7 axb5 23. Nxb5 Qc2 24. Rd2 Qb1+ 25. Kf2 Rc8 26. Na3 Qc1 27. Nb5
Rc2 28. Rxc2 Qxc2+ 29. Kg3 Qxa2 30. Nxd6 h5 31. h4 Qxb3 32. Bf2 Bh6 33. Kh2
Bf4+ 34. g3 Qxf3 35. gxf4 Bh3 0-1

[Event "XIII. Solinger Karnevalsopen"]
[Site "Solingen"]
[Date "2024.02.10"]
[Round "2.23"]
[White "Erkay, Necip Ali"]
[Black "Kupke, Jonas"]
[Result "1/2-1/2"]
[WhiteElo "1874"]
[BlackElo "1569"]
[PlyCount "137"]
[EventDate "2024.??.??"]
[WhiteTeam "SG Solingen e. V."]
[BlackTeam "Wiesbadener SV 1885"]

1. d4 Nf6 2. c4 c5 3. d5 b5 4. cxb5 a6 5. Nc3 axb5 6. e4 b4 7. Nb5 d6 8. Nf3
Nxe4 9. Bd3 Nf6 10. O-O g6 11. Bg5 Bg7 12. Re1 O-O 13. a4 Re8 14. Bc4 Na6 15.
Qe2 Nc7 16. Nxc7 Qxc7 17. Rad1 e6 18. Qd2 exd5 19. Bxf6 Rxe1+ 20. Rxe1 Bxf6 21.
Bxd5 Rxa4 22. Qh6 Bd7 23. Ng5 Bxg5 24. Qxg5 Be6 25. h4 Bxd5 26. Qxd5 Qd7 27. h5
Ra7 28. hxg6 hxg6 29. Rd1 Ra6 30. Qxc5 {(=)} dxc5 31. Rxd7 Ra1+ 32. Kh2 Ra2 33.
Rc7 Rxb2 34. Rxc5 Rxf2 35. Rb5 Rf4 36. Kg3 Re4 37. Kf3 f5 38. Rb7 Kf8 39. g3
Rc4 40. Ke3 Rc3+ 41. Kf4 b3 42. g4 Rc4+ 43. Kf3 Rxg4 44. Rxb3 Kg7 45. Rb8 Re4
46. Ra8 Kf6 47. Ra1 g5 48. Ra6+ Re6 49. Ra4 Kg6 50. Rb4 Kh5 51. Rb8 g4+ 52. Kf4
Rh6 53. Rb1 {(=)} Rf6 54. Rb8 Kg6 55. Rg8+ Kf7 56. Ra8 Re6 57. Ra5 Rf6 58. Ra8
Kg6 59. Rg8+ Kf7 60. Ra8 Re6 61. Ra5 Rf6 62. Ra8 g3 63. Kxg3 Rd6 64. Kf4 Kg6
65. Rg8+ Kf7 66. Rg5 Rd4+ 67. Kxf5 Rd5+ 68. Kf4 Rxg5 69. Kxg5 1/2-1/2

[Event "XIII. Solinger Karnevalsopen"]
[Site "Solingen"]
[Date "2024.02.10"]
[Round "2.24"]
[White "Langensiepen, Burkhard"]
[Black "Balster, Semjon"]
[Result "0-1"]
[WhiteElo "1507"]
[BlackElo "1863"]
[PlyCount "78"]
[EventDate "2024.??.??"]
[WhiteTeam "SF Vonkeln 1931"]
[BlackTeam "DJK Eintracht Coesfeld e. V."]

1. Nf3 d5 2. e3 Nf6 3. c4 c6 4. cxd5 cxd5 5. d4 Nc6 6. Nc3 Bg4 7. Be2 e6 8. O-O
Bd6 9. b3 O-O 10. Bb2 a6 11. Rc1 Rc8 12. Nh4 Bxe2 13. Qxe2 Ne4 14. Nf3 f5 15.
Nxe4 fxe4 16. Ne5 Qh4 17. Qg4 Qxg4 18. Nxg4 Rf5 19. f3 exf3 20. Rxf3 Rcf8 21.
Rcf1 h5 22. Ne5 Bxe5 23. dxe5 Rxf3 24. Rxf3 Rxf3 25. gxf3 Kf7 26. Kg2 Kg6 27.
f4 Kf5 28. Kf3 g5 29. h3 gxf4 30. exf4 Nb4 31. Bc3 Nxa2 32. Bd2 d4 33. Kf2 Nc3
34. Kf3 Nd5 35. Bc1 a5 36. Bd2 b6 37. Bc1 b5 38. Ke2 Nxf4+ 39. Bxf4 Kxf4 0-1

[Event "XIII. Solinger Karnevalsopen"]
[Site "Solingen"]
[Date "2024.02.10"]
[Round "2.25"]
[White "Alugili, Yosef"]
[Black "Bock, Juergen"]
[Result "1-0"]
[WhiteElo "1490"]
[BlackElo "1700"]
[PlyCount "37"]
[EventDate "2024.??.??"]
[WhiteTeam "Duesseldorfer SK 14/25 e."]
[BlackTeam "SC Duesseldorf Garath 197"]

1. e4 e6 2. d4 d5 3. exd5 exd5 4. c4 dxc4 5. Bxc4 Nf6 6. Nf3 Be7 7. Nc3 O-O 8.
O-O Nbd7 9. Re1 Nb6 10. Bb3 Bg4 11. Qe2 Re8 12. Bxf7+ Kxf7 13. Ne5+ Kf8 14.
Nxg4 Bb4 15. Be3 Nbd5 16. Nxf6 gxf6 17. Bh6+ Kf7 18. Qh5+ Kg8 19. Qg4+ 1-0

[Event "XIII. Solinger Karnevalsopen"]
[Site "Solingen"]
[Date "2024.02.10"]
[Round "2.26"]
[White "Jovanovic, Lucas"]
[Black "Kramer, Lars"]
[Result "1-0"]
[WhiteElo "1691"]
[BlackElo "1504"]
[PlyCount "31"]
[EventDate "2024.??.??"]
[WhiteTeam "Krefelder SK Turm 1851 e"]
[BlackTeam "SF 1982 Oetzingen e.V."]

1. e4 e5 2. Nf3 Nf6 3. Nc3 Nc6 4. d4 exd4 5. Nxd4 Bb4 6. Nxc6 bxc6 7. Bd3 O-O
8. O-O Re8 9. Bg5 h6 10. Bh4 d6 11. Re1 Bxc3 12. bxc3 Rb8 13. e5 dxe5 14. Rxe5
Qd6 15. Ra5 a6 16. Bg3 1-0

[Event "XIII. Solinger Karnevalsopen"]
[Site "Solingen"]
[Date "2024.02.10"]
[Round "2.27"]
[White "Shivkumar, Shreyas"]
[Black "Tonev, Vasil"]
[Result "0-1"]
[WhiteElo "1481"]
[BlackElo "1672"]
[PlyCount "70"]
[EventDate "2024.??.??"]
[WhiteTeam "SG Solingen e. V."]
[BlackTeam "SV Horrem 1948"]

1. e4 c6 2. d4 d5 3. e5 c5 4. dxc5 e6 5. Be3 Nd7 6. Bb5 Ne7 7. Nf3 Qa5+ 8. Nc3
a6 9. Ba4 Nf5 10. a3 Nxe3 11. fxe3 Qxc5 12. Qd4 b5 13. Bb3 Qc7 14. Qf4 Be7 15.
Nxd5 Qc5 16. Nxe7 Qxe7 17. c3 Bb7 18. O-O h6 19. Qg4 O-O 20. Qh5 Be4 21. Rae1
Nc5 22. Nd2 Bg6 23. Qe2 Bd3 24. Qf2 Rad8 25. Ba2 Bxf1 26. Rxf1 Nd3 27. Qg3 Nxb2
28. Ne4 Rd1 29. Rxd1 Nxd1 30. Bb3 Nxc3 31. Nf6+ Qxf6 32. exf6 Ne2+ 33. Kf2 Nxg3
34. Kxg3 gxf6 35. Kf3 Rc8 0-1

[Event "XIII. Solinger Karnevalsopen"]
[Site "Solingen"]
[Date "2024.02.10"]
[Round "2.28"]
[White "Klein, Andreas"]
[Black "Liehs, Karl"]
[Result "1-0"]
[WhiteElo "1671"]
[BlackElo "1483"]
[PlyCount "85"]
[EventDate "2024.??.??"]
[WhiteTeam "SC Buer-Hassel 1919 e. V."]
[BlackTeam "SV 1925 Huerth-Berrenra"]

1. e4 Nf6 2. d3 e5 3. Nf3 d6 4. Be2 Be7 5. c3 c5 6. Qc2 Nc6 7. h3 h6 8. Nbd2 b5
9. Nf1 d5 10. Ng3 d4 11. Bd2 Bd7 12. O-O O-O 13. Ne1 b4 14. c4 Qc8 15. Kh2 Nh7
16. Qc1 Bg5 17. Nf3 Bxd2 18. Qxd2 f5 19. exf5 Bxf5 20. Nh4 Be6 21. Ne4 Ne7 22.
b3 Bf5 23. Bf3 Rb8 24. Nd6 Qd7 25. Ndxf5 Nxf5 26. Bd5+ Rf7 27. Nf3 Qd6 28. Kg1
Nf6 29. Bxf7+ Kxf7 30. Rae1 Re8 31. Re2 e4 32. dxe4 Nxe4 33. Qd3 Qc6 34. Rfe1
Nfd6 35. Nd2 Nf6 36. Rxe8 Ndxe8 37. Nf3 Nd7 38. Qe2 Nef6 39. Qe7+ Kg8 40. Nh4
Qc8 41. Qe6+ Kh7 42. Qf5+ Kh8 43. Ng6+ 1-0

[Event "XIII. Solinger Karnevalsopen"]
[Site "Solingen"]
[Date "2024.02.10"]
[Round "2.29"]
[White "Schuricht, Dirk"]
[Black "Runte, Dirk"]
[Result "0-1"]
[WhiteElo "1388"]
[BlackElo "1670"]
[PlyCount "68"]
[EventDate "2024.??.??"]
[WhiteTeam "Krefelder SK Turm 1851 e"]
[BlackTeam "SF Lohmar 1974 e. V."]

1. d4 Nf6 2. Nf3 g6 3. g3 Bg7 4. Bg2 d6 5. O-O O-O 6. c4 Nbd7 7. Nc3 c5 8. d5
Nb6 9. Nd2 Bd7 10. Rb1 Qc8 11. b3 Bh3 12. Bb2 Bxg2 13. Kxg2 Nbd7 14. Nce4 Nxe4
15. Nxe4 Ne5 16. f4 Qf5 17. Nf2 Ng4 18. Nxg4 Qxg4 19. Bxg7 Kxg7 20. e4 Qd7 21.
Qe2 Rae8 22. Qb2+ Kg8 23. Rbe1 b5 24. Qc2 bxc4 25. Qxc4 Rb8 26. Rb1 Rb4 27. Qc2
Rfb8 28. Kf3 Qb5 29. Rfe1 a5 30. Qe2 Qxe2+ 31. Rxe2 a4 32. e5 axb3 33. a3 Rd4
34. exd6 exd6 0-1

[Event "XIII. Solinger Karnevalsopen"]
[Site "Solingen"]
[Date "2024.02.10"]
[Round "2.30"]
[White "Stammen, York Magnus"]
[Black "Wilk, Clemens"]
[Result "0-1"]
[WhiteElo "1381"]
[BlackElo "1662"]
[PlyCount "60"]
[EventDate "2024.??.??"]
[WhiteTeam "LSV Turm Lippstadt"]
[BlackTeam "SF 1982 Oetzingen e.V."]

1. Nf3 Nf6 2. g3 d5 3. d4 e6 4. Bg2 b6 5. O-O Bb7 6. c4 Be7 7. Nc3 O-O 8. cxd5
exd5 9. Bg5 Nbd7 10. Qb3 Re8 11. Rfd1 h6 12. Bxf6 Nxf6 13. Rac1 c6 14. Na4 Bd6
15. e3 Qd7 16. Rc2 Rac8 17. Rdc1 g5 18. a3 Ba6 19. Nd2 h5 20. Rc3 Bb5 21. Qd1
c5 22. dxc5 Bxa4 23. b3 Be5 24. bxa4 Bxc3 25. Rxc3 bxc5 26. Nf3 Qf5 27. Qc1 Rb8
28. Nd2 Nd7 29. Qd1 Rb2 30. Rc1 g4 0-1

[Event "XIII. Solinger Karnevalsopen"]
[Site "Solingen"]
[Date "2024.02.10"]
[Round "2.31"]
[White "Fodor, Bernhard"]
[Black "Amini, Yusuf"]
[Result "0-1"]
[WhiteElo "1287"]
[BlackElo "1657"]
[PlyCount "44"]
[EventDate "2024.??.??"]
[WhiteTeam "SG Solingen e. V."]
[BlackTeam "SC Monheim/Baumberg 1958"]

1. f4 d5 2. Nf3 c5 3. d3 Nf6 4. g3 Nc6 5. c3 Qc7 6. Bg2 Bg4 7. O-O Bxf3 8. Bxf3
h5 9. e4 dxe4 10. dxe4 h4 11. h3 hxg3 12. Kg2 Nd7 13. Na3 a6 14. Nc4 O-O-O 15.
Qb3 e6 16. e5 f6 17. Bxc6 Qxc6+ 18. Rf3 Rxh3 19. Nd6+ Bxd6 20. exd6 Rh2+ 21.
Kxg3 Rh3+ 22. Kxh3 Qxf3+ 0-1

[Event "XIII. Solinger Karnevalsopen"]
[Site "Solingen"]
[Date "2024.02.10"]
[Round "2.33"]
[White "Hafez, Oualid"]
[Black "Lueersen, Jan"]
[Result "0-1"]
[WhiteElo "1168"]
[BlackElo "1648"]
[PlyCount "56"]
[EventDate "2024.??.??"]
[WhiteTeam "Duesseldorfer SK 14/25 e."]
[BlackTeam "SF Essen-Katernberg 0"]

1. e4 c5 2. Nf3 e6 3. d4 cxd4 4. Nxd4 Nc6 5. Nc3 a6 6. Bc4 Qc7 7. a3 b5 8. Ba2
Bb7 9. Be3 Ne5 10. Nf3 Nc4 11. Bxc4 Qxc4 12. Qd4 Nf6 13. Nd2 Qc7 14. O-O-O Rc8
15. Nb3 Bxa3 16. bxa3 Qxc3 17. Qxc3 Rxc3 18. Nc5 Bxe4 19. Bd4 Rxc2+ 20. Kb1
Rxc5+ 21. Kb2 Rc2+ 22. Ka1 Ke7 23. Rc1 Rhc8 24. Rxc2 Rxc2 25. Re1 Bg6 26. Re5
Ne4 27. f3 Nd2 28. Bb2 Nc4 0-1

[Event "XIII. Solinger Karnevalsopen"]
[Site "Solingen"]
[Date "2024.02.10"]
[Round "2.34"]
[White "Reinacher, Detlev"]
[Black "Kukowski, Holger"]
[Result "1-0"]
[WhiteElo "1626"]
[BlackElo "1373"]
[PlyCount "84"]
[EventDate "2024.??.??"]
[WhiteTeam "SC Hansa Dortmund e. V."]
[BlackTeam "SC Listiger Bauer Essen-"]

1. e4 d5 2. exd5 Qxd5 3. d3 Nf6 4. Nf3 Bf5 5. Be2 c6 6. O-O e6 7. Nh4 Bg6 8.
Bf3 Qd4 9. g3 Be7 10. Nxg6 hxg6 11. Re1 Nbd7 12. c3 Qc5 13. d4 Qf5 14. Nd2 g5
15. Nf1 g4 16. Bh1 O-O-O 17. f4 Rh5 18. a4 c5 19. Qb3 Nb6 20. Re5 Qd3 21. a5
Qa6 22. Rxh5 Nxh5 23. Be3 c4 24. Qd1 Nd5 25. Qxg4 g6 26. Qd1 Qb5 27. Qc1 Nhf6
28. Bf3 Rd6 29. Be2 Ne4 30. Bd2 Ra6 31. b4 Qc6 32. Ne3 Nxe3 33. Bxe3 Nd6 34.
Qf1 Qe4 35. Kf2 Qc2 36. Rc1 Ne4+ 37. Kg1 Qb2 38. Bxc4 Rc6 39. Qd3 Nd6 40. Bb5
Nxb5 41. Qxb5 Bxb4 42. Qxb4 Qxb4 1-0

[Event "XIII. Solinger Karnevalsopen"]
[Site "Solingen"]
[Date "2024.02.10"]
[Round "2.35"]
[White "Hapka, Luca"]
[Black "White, William"]
[Result "1-0"]
[WhiteElo "1620"]
[BlackElo "1210"]
[PlyCount "93"]
[EventDate "2024.??.??"]
[WhiteTeam "SC Bayer Leverkusen e. V"]
[BlackTeam "SG Solingen e. V."]

1. e4 e5 2. Nf3 Nc6 3. Bb5 d6 4. O-O Nf6 5. Re1 Bd7 6. c3 a6 7. Ba4 Be7 8. d4
exd4 9. cxd4 O-O 10. Nbd2 Re8 11. Nf1 Nb8 12. Bb3 Bb5 13. Ng3 c6 14. a4 Bxa4
15. Bxa4 b5 16. Bc2 d5 17. e5 Nfd7 18. b3 c5 19. Qd3 g6 20. Bb2 Nc6 21. dxc5
Nxc5 22. Qd2 Ne6 23. Ba3 b4 24. Bb2 d4 25. Be4 Qc7 26. Bxc6 Qxc6 27. Nxd4 Nxd4
28. Bxd4 Red8 29. Qe3 Qd5 30. Bb2 Bc5 31. Qf3 Qxf3 32. gxf3 Rd2 33. Re2 Rxe2
34. Nxe2 Rd8 35. Ng3 Rd2 36. Ne4 Bxf2+ 37. Nxf2 Rxb2 38. Rxa6 Rxb3 39. Rb6 Rxf3
40. Rxb4 Rf5 41. Ng4 Rg5 42. h4 Rf5 43. Nh6+ Kg7 44. Nxf5+ gxf5 45. Kg2 Kg6 46.
Kg3 h5 47. Rb6+ 1-0

[Event "XIII. Solinger Karnevalsopen"]
[Site "Solingen"]
[Date "2024.02.10"]
[Round "2.36"]
[White "Fetahovic, Sarah"]
[Black "Kovalyova, Alina"]
[Result "1-0"]
[WhiteElo "1607"]
[BlackElo "1069"]
[PlyCount "43"]
[EventDate "2024.??.??"]
[WhiteTeam "SG Solingen e. V."]
[BlackTeam "SG Solingen e. V."]

1. e4 e5 2. Nf3 Nc6 3. d4 exd4 4. Bc4 Bb4+ 5. c3 dxc3 6. O-O Qe7 7. a3 Bc5 8.
b4 Bb6 9. Nxc3 Ne5 10. Nd5 Nxf3+ 11. Qxf3 Qf8 12. Bb2 Kd8 13. a4 a5 14. Nxb6
cxb6 15. b5 Ne7 16. Bxf7 d6 17. Rfd1 Ng8 18. Be5 Ne7 19. Rxd6+ Bd7 20. Rxd7+
Kxd7 21. Qd3+ Kc8 22. Be6# 1-0

[Event "XIII. Solinger Karnevalsopen"]
[Site "Solingen"]
[Date "2024.02.10"]
[Round "3.1"]
[White "Maenken, Merlin"]
[Black "Korchynskyi, Mykola"]
[Result "0-1"]
[WhiteElo "1989"]
[BlackElo "2263"]
[PlyCount "84"]
[EventDate "2024.??.??"]
[WhiteTeam "Elberfelder SG"]
[BlackTeam "SF Essen-Katernberg 0"]

1. d4 d5 2. c4 e6 3. Nf3 Nf6 4. Nc3 Be7 5. cxd5 exd5 6. Bg5 O-O 7. e3 h6 8. Bh4
b6 9. Bd3 Bb7 10. O-O Nbd7 11. Rc1 c5 12. dxc5 bxc5 13. b3 Ne4 14. Bxe7 Qxe7
15. Qc2 f5 16. Rfd1 Rac8 17. Be2 Ndf6 18. Qb2 Nxf2 19. Kxf2 Ng4+ 20. Ke1 Qxe3
21. Rd3 Qf2+ 22. Kd2 d4 23. Rf1 Qxg2 24. Rg1 Qh3 25. Rg3 Qh5 26. h3 dxc3+ 27.
Qxc3 Nf6 28. Qc4+ Qf7 29. Rg1 Qxc4 30. bxc4 Bxf3 31. Bxf3 Rfd8 32. Bd5+ Nxd5
33. cxd5 c4 34. Rd4 Rc5 35. Kc3 Rdxd5 36. Rxd5 Rxd5 37. Kxc4 Rd2 38. a4 Ra2 39.
Kb5 Kf7 40. a5 f4 41. Rd1 f3 42. Rd7+ Ke6 0-1